000 00713nam a22002177a 4500
999 _c17775
_d17775
003 AR-CdUCM
008 190509b ||||| |||| 00| 0 spa d
040 _aMUNICIPALIDAD PROVINCIAL DEL CUSCO
_cBIBLIOTECA MUNICIPAL DEL CUSCO
082 _a869.251 /
_bG92
100 _aGüiraldes, Ricardo
_912011
245 _aRaucho :
_bMomentos de una juventud contemporánea /
260 _aBuenos Aires :
_bLosada,
_c1949.
300 _a147 páginas ;
_c19 cm.
440 _aBiblioteca contemporánea
_927761
505 _aContenido : Infancia -- Colegio -- Trabajo -- Hastió ...
650 _aLiteratura
_983
650 _aJuventud
_94964
650 _aSiglo XX
_98
942 _2ddc
_cLIBROS
945 _arah
_d09/05/2019